000 00603nam a2200181Ia 4500
003 GCL
008 140319s9999 xx 000 0 ara d
040 _aGCL /
_cGCL
082 0 4 _a812.043
_bر خ
100 1 _aرشاد رشدى
245 1 0 _aخيال الظل: مسرحية من ثلاث فصول /
_cرشاد رشدى
260 _aالقاهرة :
_bوزارة الثقافة والارشاد القومى ،
_c1965
300 _a173 ص ؛
_c12 سم
490 _aسلسلة مسرحيات عربية
_v0
650 0 4 _aمصر - المسرح
650 0 4 _aالمسرح - مصر
942 _2ddc
_cBK
999 _c50531
_d50531